000 01008caa a22002417a 4500
999 _c410246
_d410246
001 123330
003 UA-OsUOA
005 20200111230632.0
007 ta
008 20170612b un ||||| |||| 00| 0 ukr d
040 _aUA-OsUOA
_bukr
_cUA-OsUOA
_dUA-OsUOA
041 _aukr
080 _a908
090 _a908
_bШ67
100 _aШкольна О.
245 _aПросвітницька діяльність родин острозьких і славутських євреїв-промисловців Шапіро та Зусманів у культурних процесах України др. пол. XVIII – поч. ХХ ст.
_cО. Школьна
300 _aС. 92–113
650 7 _a908 Краєзнавство
_2UDC
773 0 _0399316
_9416564
_dОстрог НаУОА 2008
_o148879
_tОстрозький краєзнавчий збірник
_w(UA-OsUOA) 113459
942 _cBKA
_2udc
955 _a1